Statistics for Name all songs by Yellow Magic Orchestra

Click here to take the quiz!

General Stats

  • This quiz has been taken 2 times
  • The average score is 47 of 77

Answer Stats

YearAlbumSong% Correct
1981BGM1000 Knives
100%
1979Solid State SurvivorAbsolute Ego Dance
100%
1981BGMBallet
100%
1979Solid State SurvivorBehind The Mask
100%
1979Solid State SurvivorCastalia
100%
1978Yellow Magic OrchestraCosmic Surfin'
100%
1981BGMCue
100%
1979Solid State SurvivorDay Tripper
100%
1981TechnodelicEpilogue
100%
1978Yellow Magic OrchestraFirecracker
100%
1979Solid State SurvivorInsomnia
100%
1983Naughty BoysKimi Ni Mune Kyun
100%
1978Yellow Magic OrchestraLa Femme Chinoise
100%
1981TechnodelicNeue Tanz
100%
1981TechnodelicPrologue
100%
1981TechnodelicPure Jam
100%
1979Solid State SurvivorRydeen
100%
1981TechnodelicSeoul Music
100%
1979Solid State SurvivorSolid State Survivor
100%
1981TechnodelicStairs
100%
1981TechnodelicTaiso
100%
1979Solid State SurvivorTechnopolis
100%
1978Yellow Magic OrchestraTong Poo
100%
1981BGMUT
100%
1978Yellow Magic OrchestraAcrobat
50%
1993TechnodonBe A Superman
50%
1978Yellow Magic OrchestraBridge Over Troubled Music
50%
1981BGMCamouflage
50%
1983ServiceChinese Whispers
50%
1980X∞MultipliesCitizens of Science
50%
1978Yellow Magic OrchestraComputer Game 'Theme from The Circus'
50%
1978Yellow Magic OrchestraComputer Game 'Theme from The Invader'
50%
1993TechnodonDolphinicity
50%
1983Naughty BoysExpected Way
50%
1983Naughty BoysExpecting Rivers
50%
1993TechnodonFloating Away
50%
1983Naughty BoysFocus
50%
1981TechnodelicGradated Grey
50%
1981BGMHappy End
50%
1980X∞MultipliesHere We Go Again - Tighten Up
50%
1993TechnodonHi-Tech Hippies
50%
1980X∞MultipliesJingle YMO
50%
1983Non-Album SongsKageki na Shukujo
50%
1983Naughty BoysKai-Koh
50%
1981TechnodelicKey
50%
1981TechnodelicLight In Darkness
50%
1983ServiceLimbo
50%
1981BGMLoom
50%
1983Naughty BoysLotus Love
50%
1978Yellow Magic OrchestraMad Pierrot
50%
1981BGMMass
50%
1980X∞MultipliesMultiplies
50%
1981BGMMusic Plans
50%
1993TechnodonNanga Def?
50%
1980X∞MultipliesNice Age
50%
1993TechnodonOK
50%
1983Naughty BoysOngaku
50%
1983Naughty BoysOpened My Eyes
50%
1983ServicePerspective
50%
1993TechnodonPocketful Of Rainbows
50%
1981BGMRap Phenomena
50%
1983ServiceSee-Through
50%
1983ServiceShadows On The Ground
50%
1978Yellow Magic OrchestraSimoon
50%
1980X∞MultipliesThe End of Asia
50%
1983ServiceThe Madmen
50%
1980X∞MultipliesTighten Up (Japanese Gentlemen Stand Up Please)
50%
1983Naughty BoysWild Ambitions
50%
1983ServiceYou've Got To Help Yourself
50%
1983Naughty BoysYou've Got to Help Yourself (Instrumental)
50%
1993TechnodonChance
0%
1993TechnodonI Tri Merli
0%
1981Non-Album SongsJiseiki Hirake Kokoro
0%
1982Non-Album SongsLover Come Back To Me
0%
1993TechnodonNostalgia
0%
1993TechnodonSilence of Time
0%
1993TechnodonWaterford
0%

Score Distribution

Percentile by Number Answered

Percent of People with Each Score

Your Score History

You have not taken this quiz